000 01048nam a22003610a 4500
001 PT33264
003 AR-LpoUNG
005 20210131230104.0
008 191001s2009||||ag |||||||||||||||||spa d
020 _a9789876141680
_c$15
040 _aAR-LpoUNG
_bspa
_cAR-LpoUNG
_eaacr
041 _aspa
044 _aag
082 0 _aR200 395atl
100 1 _aDenis, Jean-Pierre
245 1 3 _aEl atlas de las religiones :
_bpaís por país, las claves del mundo que viene : 200 mapas, todas las cifras
250 _a1§ edición
260 _aBuenos Aires :
_bCapital Intelectual,
_c2009.
300 _a190 p. :
_bil., gráfs., mapas
650 4 _aCATOLICISMO
650 4 _aJUDAISMO
650 4 _aLIBERTAD RELIGIOSA
650 4 _aMATERIAL DE REFERENCIA
650 4 _aMISIONES RELIGIOSAS
650 4 _aMUSULMANES
650 4 _aPRACTICA RELIGIOSA
650 4 _aRELIGION
651 4 _aDOCUMENTOS TEORICOS O METODOLOGICOS
700 1 _aFrachon, Alain
710 2 _aLe Monde Diplomatique (París)
905 _a33264
942 _cLSALA
999 _c1333
_d1333